000 00413 a2200145 4500
005 20250625131709.0
020 _a0-13-814273-4
082 _a658.3 DES
100 _aDESSLER, G.
245 _aHuman Resources Management.
250 _a11 th Ed.
260 _aUpper Saddle River,
_bPearson Prentice Hall,
_c2008.
300 _axxviii, 801p.: ill.; figure, table, picture
_bGlossary & Index
_c25cm
942 _2ddc
_cBKS
999 _c5068
_d5068